| 000 | 00647nam a2200193 i 4500 | ||
|---|---|---|---|
| 001 | bg | ||
| 100 | 1 | _aGERULA, Maria | |
| 245 | 0 |
_aŚwiadomość polityczna i prawna młodzieży : _bna podstawie badań w klasach maturalnych z lat 1977-1978 / _cMaria Gerula ; Polska Akademia Nauk Instytut Państwa i Prawa. |
|
| 260 |
_aWrocław : _bZakład Narodowy im. Ossolińskich, _c1985. |
||
| 300 |
_a195 s. ; _c21 cm. |
||
| 504 | _aBibliogr. s. 160-164. | ||
| 020 | _a8304019027 | ||
| 040 | _cBPK | ||
| 041 | _apol | ||
| 080 | _a301.185.3-053.6:32+34(438)"19" | ||
| 920 | _a83-04-01902-7 | ||
| 942 | _cKS | ||
| 008 | s pl f |000 0 pol | ||
| 999 |
_c28036 _d28036 |
||
| 856 |
_uhttp://koha.tu.koszalin.pl/cgi-bin/koha/opac-detail.pl?biblionumber=28036 _yKatalog online BPK |
||